[Event "Hampshire op"]
[Site "Fareham"]
[Date "2019.11.02"]
[Round "3"]
[White "Chandler, Clifford R"]
[Black "Pye, David E"]
[Result "1-0"]
[WhiteElo "2281"]
[BlackElo "2057"]
[PlyCount "29"]
[EventDate "2019.11.01"]
[EventType "swiss"]
[EventRounds "6"]
[EventCountry "ENG"]
[SourceTitle "CBM 192 Extra"]
[Source "Chessbase"]
[SourceDate "2019.11.06"]
[SourceVersion "1"]
[SourceVersionDate "2019.11.06"]
[SourceQuality "1"]

1. e4 e6 2. d4 d5 3. Nc3 Nc6 4. Nf3 Nf6 5. e5 Ne4 6. Ne2 f6 7. Ng3 fxe5 8. Bb5 Nxg3 9. hxg3 Bd7 10. Bxc6 bxc6 11. Nxe5 Qf6 12. Qh5+ g6 13. Nxg6 0-0-0 14. Nxh8 Qxh8 15. Be3 1-0

[Event "Hampshire op"]
[Site "Fareham"]
[Date "2019.11.02"]
[Round "2"]
[White "Pye, David E"]
[Black "Aubury, Benjamin"]
[Result "1-0"]
[WhiteElo "2057"]
[BlackElo "1708"]
[PlyCount "31"]
[EventDate "2019.11.01"]
[EventType "swiss"]
[EventRounds "6"]
[EventCountry "ENG"]
[SourceTitle "CBM 192 Extra"]
[Source "Chessbase"]
[SourceDate "2019.11.06"]
[SourceVersion "1"]
[SourceVersionDate "2019.11.06"]
[SourceQuality "1"]

1. e4 c6 2. c4 d5 3. cxd5 cxd5 4. exd5 Nf6 5. Qa4+ Nbd7 6. Nc3 a6 7. d4 Rb8 8. Bf4 b5 9. Qb3 Rb7 10. a4 bxa4 11. Qxa4 Qb6 12. Qc6 Qd8 13. Bxa6 Ra7 14. Nb5 Nxd5 15. Nxa7 Bxa6 16. Qxd5 1-0

[Event "BCF-chT2 1819 (4NCL) Demotion"]
[Site "England"]
[Date "2019.05.06"]
[Round "11.71"]
[White "Alienkin, Aleksander"]
[Black "Pye, David E"]
[Result "1-0"]
[WhiteElo "2372"]
[BlackElo "2200"]
[PlyCount "107"]
[EventDate "2018.11.10"]
[EventType "team-tourn"]
[EventRounds "11"]
[EventCountry "ENG"]
[SourceTitle "EXT 2021"]
[Source "ChessBase"]
[SourceDate "2020.10.23"]
[SourceVersion "1"]
[SourceVersionDate "2020.10.23"]
[SourceQuality "1"]
[WhiteTeam "Manchester Manticores"]
[BlackTeam "Wessex"]
[WhiteTeamCountry "ENG"]
[BlackTeamCountry "ENG"]

1. d4 Nf6 2. Nf3 e6 3. c4 Bb4+ 4. Bd2 Qe7 5. g3 0-0 6. Bg2 Bxd2+ 7. Qxd2 d6 8. Nc3 Re8 9. 0-0 e5 10. e4 Bg4 11. Ne1 exd4 12. Qxd4 Nc6 13. Qd2 Rad8 14. h3 Bc8 15. b3 a5 16. Nc2 b6 17. Rae1 Bb7 18. Nd5 Qe5 19. Nxc7 Rf8 20. Nd5 Nd7 21. Nce3 g6 22. Rd1 Kh8 23. f4 Qg7 24. Qc3 Na7 25. Rd2 Nc8 26. Rfd1 Nc5 27. e5 dxe5 28. fxe5 h5 29. Nf6 Rxd2 30. Qxd2 Bxg2 31. Kxg2 Qh6 32. Ned5 Qxd2+ 33. Rxd2 Kg7 34. Nc7 Ne7 35. Nce8+ Kh6 36. Rd6 Ng8 37. Rxb6 Nxf6 38. Nxf6 a4 39. b4 Nd3 40. c5 Nxe5 41. b5 Nc4 42. Ra6 Rd8 43. Rxa4 Rd2+ 44. Kf3 Rd4 45. Rxc4 Rxc4 46. Nd7 h4 47. gxh4 Rxh4 48. b6 Rxh3+ 49. Kg2 Ra3 50. b7 Rxa2+ 51. Kf3 Ra3+ 52. Ke2 Rb3 53. b8Q Rxb8 54. Nxb8 1-0

[Event "BCF-chT2 1819 (4NCL) Demotion"]
[Site "England"]
[Date "2019.05.04"]
[Round "9.51"]
[White "Richardson, John R"]
[Black "Pye, David E"]
[Result "1/2-1/2"]
[WhiteElo "2320"]
[BlackElo "2200"]
[PlyCount "88"]
[EventDate "2018.11.10"]
[EventType "team-tourn"]
[EventRounds "11"]
[EventCountry "ENG"]
[SourceTitle "EXT 2021"]
[Source "ChessBase"]
[SourceDate "2020.10.23"]
[SourceVersion "1"]
[SourceVersionDate "2020.10.23"]
[SourceQuality "1"]
[WhiteTeam "The ADS"]
[BlackTeam "Wessex"]
[WhiteTeamCountry "ENG"]
[BlackTeamCountry "ENG"]

1. d4 Nf6 2. c4 d6 3. Nf3 Bg4 4. Qb3 Qc8 5. g3 Nbd7 6. Bg2 c6 7. h3 Bh5 8. g4 Bg6 9. Nh4 e6 10. g5 Ng8 11. Nc3 Qc7 12. 0-0 Ne7 13. d5 Qb6 14. dxe6 fxe6 15. Be3 Qxb3 16. axb3 a6 17. b4 Rc8 18. b5 axb5 19. cxb5 Nd5 20. Nxd5 cxd5 21. Nxg6 hxg6 22. Ra7 b6 23. Rb7 Be7 24. Ra1 Rb8 25. Raa7 Rxb7 26. Rxb7 Bd8 27. f4 Rf8 28. Bf3 Rf7 29. Bg4 Re7 30. Bd4 Kf7 31. b4 Ke8 32. Kf2 Rf7 33. Kg3 Nc5 34. Rb8 Nd7 35. Rc8 e5 36. fxe5 dxe5 37. Bb2 Rf1 38. Bc1 Rg1+ 39. Kf2 Rd1 40. Rc6 Be7 41. Rc7 Nf8 42. e3 Rd3 43. Be2 Rb3 44. h4 d4 1/2-1/2

[Event "Torquay op 52nd"]
[Site "Torquay"]
[Date "2018.11.11"]
[Round "4"]
[White "Pye, David E"]
[Black "Littlejohns, David"]
[Result "1-0"]
[WhiteElo "2157"]
[BlackElo "1982"]
[PlyCount "79"]
[EventDate "2018.11.09"]
[EventType "swiss"]
[EventRounds "5"]
[EventCountry "ENG"]
[SourceTitle "EXT 2021"]
[Source "ChessBase"]
[SourceDate "2020.10.23"]
[SourceVersion "1"]
[SourceVersionDate "2020.10.23"]
[SourceQuality "1"]

1. e4 c6 2. c4 d5 3. exd5 cxd5 4. cxd5 Nf6 5. Qa4+ Nbd7 6. Nc3 g6 7. Bc4 Bg7 8. d3 0-0 9. Nf3 Nb6 10. Qb3 Bf5 11. 0-0 Rc8 12. Bf4 Nh5 13. Be5 Nxc4 14. dxc4 Bd3 15. Rfe1 Bxc4 16. Qxb7 Bxe5 17. Rxe5 Rc7 18. Qb4 f6 19. Re3 Bxd5 20. Rd1 Rd7 21. Red3 e6 22. Nxd5 exd5 23. g4 Ng7 24. Rxd5 Rxd5 25. Qc4 Qc8 26. Qxd5+ Kh8 27. Qd7 Qa6 28. Qe7 Qc8 29. Rd7 Rg8 30. g5 Qc1+ 31. Kg2 Qf4 32. gxf6 Qg4+ 33. Kf1 Qc4+ 34. Ke1 Qc1+ 35. Rd1 Qxb2 36. fxg7+ Rxg7 37. Rd8+ Rg8 38. Rxg8+ Kxg8 39. Qe8+ Kg7 40. Qe5+ 1-0

[Event "Torquay op 52nd"]
[Site "Torquay"]
[Date "2018.11.10"]
[Round "2"]
[White "Pye, David E"]
[Black "Helbig, Paul"]
[Result "1/2-1/2"]
[WhiteElo "2157"]
[BlackElo "2086"]
[PlyCount "76"]
[EventDate "2018.11.09"]
[EventType "swiss"]
[EventRounds "5"]
[EventCountry "ENG"]
[SourceTitle "EXT 2021"]
[Source "ChessBase"]
[SourceDate "2020.10.23"]
[SourceVersion "1"]
[SourceVersionDate "2020.10.23"]
[SourceQuality "1"]

1. d4 g6 2. e4 Bg7 3. Nc3 d6 4. Bg5 c6 5. Qd2 b5 6. a3 Qc7 7. f4 a6 8. Nf3 Nf6 9. e5 Nd5 10. Nxd5 cxd5 11. a4 b4 12. Qxb4 Qxc2 13. exd6 Nc6 14. Qc3 Qxc3+ 15. bxc3 f6 16. Bh4 e6 17. c4 dxc4 18. Bxc4 Kd7 19. d5 exd5 20. Bxd5 Kxd6 21. Bxc6 Kxc6 22. Rc1+ Kd6 23. Rd1+ Ke6 24. 0-0 Re8 25. Rfe1+ Kf7 26. Rxe8 Kxe8 27. Rb1 Ra7 28. Nd2 f5 29. Nc4 Bd4+ 30. Bf2 Bxf2+ 31. Kxf2 Rc7 32. Re1+ Kf8 33. Ne5 a5 34. Rb1 Bd7 35. Rb8+ Kg7 36. Ra8 Bxa4 37. Rxa5 Bc2 38. Ra2 Be4 1/2-1/2

[Event "Hampshire op"]
[Site "Eastleigh"]
[Date "2015.11.07"]
[Round "2"]
[White "Pye, David E"]
[Black "Tambini, Jasper"]
[Result "1/2-1/2"]
[WhiteElo "2157"]
[BlackElo "2066"]
[PlyCount "71"]
[EventDate "2015.11.06"]
[EventType "swiss"]
[EventRounds "6"]
[EventCountry "ENG"]
[SourceTitle "CBM 169 Extra"]
[Source "ChessBase"]
[SourceDate "2015.12.18"]
[SourceVersion "1"]
[SourceVersionDate "2015.12.18"]
[SourceQuality "1"]

1. e4 Nc6 2. d4 e5 3. d5 Nce7 4. c4 Ng6 5. Be3 Nf6 6. Nc3 d6 7. f3 Be7 8. Qd2 c5 9. Bd3 0-0 10. Nge2 h6 11. g3 Bh3 12. Rg1 Bd7 13. 0-0-0 a6 14. Kb1 Qa5 15. Nc1 b5 16. N3e2 Qb6 17. h4 Rfb8 18. Rh1 a5 19. h5 Nf8 20. Nc3 bxc4 21. Bxc4 a4 22. a3 Bd8 23. Nd3 Qb7 24. Ka1 Ba5 25. Qc2 Bxc3 26. Qxc3 Bb5 27. Ba2 Ra6 28. Bc1 N8h7 29. g4 Ng5 30. Bxg5 hxg5 31. Ne1 Kh7 32. Rh2 Ng8 33. Qd2 f6 34. Ng2 Nh6 35. Ne3 Qc7 36. Rc1 1/2-1/2

[Event "Hampshire op"]
[Site "Eastleigh"]
[Date "2010.11.14"]
[Round "6"]
[White "Pye, David E"]
[Black "Kawuma, Steven Male"]
[Result "1-0"]
[WhiteElo "2157"]
[BlackElo "2196"]
[PlyCount "81"]
[EventDate "2010.11.12"]
[EventType "swiss"]
[EventRounds "6"]
[EventCountry "ENG"]
[SourceTitle "EXT 2011"]
[Source "ChessBase"]
[SourceDate "2010.11.26"]
[SourceVersion "1"]
[SourceVersionDate "2010.11.26"]
[SourceQuality "1"]

1. e4 c5 2. Nc3 Nc6 3. Bb5 d6 4. Bxc6+ bxc6 5. d3 Rb8 6. Nge2 g6 7. 0-0 Bg7 8. b3 e6 9. Bb2 Ne7 10. Na4 Bxb2 11. Nxb2 0-0 12. Qd2 f5 13. f4 Rb4 14. a3 Rb7 15. Rad1 Rd7 16. Kh1 Ba6 17. Qe3 Qe8 18. Nc3 fxe4 19. Qxe4 Nd5 20. Nxd5 cxd5 21. Qa4 Qc8 22. Rde1 Rdf7 23. Nd1 d4 24. Kg1 Rxf4 25. Rxf4 Rxf4 26. Nf2 Bb7 27. Qxa7 Qc6 28. Ne4 Rf8 29. Qa5 e5 30. a4 Qd7 31. Qd2 Qc7 32. Qe2 d5 33. Ng5 Re8 34. Rf1 Qe7 35. Qg4 h6 36. Ne4 Kg7 37. Rf6 g5 38. Qf5 dxe4 39. Qg6+ Kh8 40. Rf7 Qxf7 41. Qxf7 1-0

[Event "BCF-chT 0405 (4NCL)"]
[Site "West Bromwich"]
[Date "2004.09.19"]
[Round "2.7"]
[White "James, Dale R"]
[Black "Pye, David E"]
[Result "1-0"]
[WhiteElo "2199"]
[BlackElo "2145"]
[PlyCount "77"]
[EventDate "2004.09.18"]
[EventType "team-tourn"]
[EventRounds "11"]
[EventCountry "ENG"]
[SourceTitle "EXT 2006"]
[Source "ChessBase"]
[SourceDate "2005.11.24"]
[SourceVersion "1"]
[SourceVersionDate "2005.11.24"]
[SourceQuality "1"]
[WhiteTeam "Numerica 3CS"]
[BlackTeam "Warwicks Select"]
[WhiteTeamCountry "ENG"]
[BlackTeamCountry "ENG"]

1. e4 Nc6 2. d4 d5 3. exd5 Qxd5 4. Nf3 e5 5. dxe5 Qxd1+ 6. Kxd1 Bg4 7. Bf4 Bc5 8. Ke1 Bxf3 9. gxf3 Nge7 10. Nc3 0-0-0 11. Bd3 Ng6 12. Be3 Bxe3 13. fxe3 Ncxe5 14. Be2 Rhe8 15. Rd1 Rxd1+ 16. Nxd1 f5 17. f4 Nd7 18. Rg1 Nf6 19. Rg5 Nd5 20. Kd2 Nde7 21. Bd3 Rf8 22. Nc3 Kd7 23. Ne2 h6 24. Rh5 c5 25. Ng3 Ke6 26. Bc4+ Kd6 27. Bd3 Ke6 28. Ke2 Rf6 29. Kf3 b6 30. Bc4+ Kd7 31. Bb5+ Ke6 32. Bf1 Nh8 33. e4 g6 34. Rxh6 Nf7 35. exf5+ Nxf5 36. Nxf5 Nxh6 37. Nxh6 g5 38. Bh3+ Kd5 39. Nf5 1-0

[Event "BCF-chT 0405 (4NCL)"]
[Site "West Bromwich"]
[Date "2004.09.18"]
[Round "1.7"]
[White "Naylor, John"]
[Black "Pye, David E"]
[Result "1-0"]
[WhiteElo "2235"]
[BlackElo "2145"]
[PlyCount "79"]
[EventDate "2004.09.18"]
[EventType "team-tourn"]
[EventRounds "11"]
[EventCountry "ENG"]
[SourceTitle "EXT 2006"]
[Source "ChessBase"]
[SourceDate "2005.11.24"]
[SourceVersion "1"]
[SourceVersionDate "2005.11.24"]
[SourceQuality "1"]
[WhiteTeam "BET"]
[BlackTeam "Warwicks Select"]
[WhiteTeamCountry "ENG"]
[BlackTeamCountry "ENG"]

1. e4 e6 2. d4 d5 3. Nc3 Nc6 4. Nf3 Nf6 5. e5 Ne4 6. Bd3 Bb4 7. Bd2 Nxd2 8. Qxd2 f6 9. a3 Be7 10. Qe2 fxe5 11. dxe5 0-0 12. h4 Qe8 13. Ng5 Bxg5 14. hxg5 g6 15. Rh4 Rf7 16. 0-0-0 Rg7 17. Rdh1 Ne7 18. f4 c6 19. Nd1 Nf5 20. R4h3 c5 21. c3 Qa4 22. g3 Bd7 23. Qh2 Kf7 24. Rxh7 Rag8 25. Rxg7+ Rxg7 26. Qh8 Nxg3 27. Bxg6+ Kxg6 28. Rh6+ Kf5 29. Rf6+ Ke4 30. Qxg7 Bb5 31. Qh7+ Kf3 32. Qc2 Ne2+ 33. Kb1 Qa6 34. Qd2 Bd3+ 35. Ka1 d4 36. Rh6 Bf5 37. Rh2 Ng3 38. Qg2+ Kxf4 39. Rh4+ Bg4 40. Qf2+ 1-0

[Event "BCF-chT3 0304 (4NCL)"]
[Site "West Bromwich"]
[Date "2004.06.19"]
[Round "10.1"]
[White "Lakos, Nikoletta"]
[Black "Pye, David E"]
[Result "1/2-1/2"]
[WhiteElo "2379"]
[BlackElo "2132"]
[PlyCount "55"]
[EventDate "2003.11.23"]
[EventType "team-tourn"]
[EventRounds "11"]
[EventCountry "ENG"]
[SourceTitle "EXT 2005"]
[Source "ChessBase"]
[SourceDate "2004.11.15"]
[SourceVersion "1"]
[SourceVersionDate "2004.11.15"]
[SourceQuality "1"]
[WhiteTeam "Wood Green III"]
[BlackTeam "Wessex II"]
[WhiteTeamCountry "ENG"]
[BlackTeamCountry "ENG"]

1. e4 e6 2. d4 d5 3. Nd2 Nc6 4. Ngf3 Nf6 5. e5 Nd7 6. Nb3 a5 7. a4 b6 8. Bb5 Ncb8 9. Ng5 Ba6 10. Qh5 g6 11. Qf3 Qe7 12. Bd2 c6 13. Bxa6 Nxa6 14. 0-0 Bg7 15. Qe2 h6 16. Nf3 0-0 17. c3 Nc7 18. Nc1 c5 19. Nd3 g5 20. h3 c4 21. Nc1 f5 22. exf6 Bxf6 23. b3 b5 24. axb5 Nb6 25. Re1 Rfe8 26. bxc4 Nxc4 27. Nb3 a4 28. Nc5 1/2-1/2

[Event "BCF-chT3 0304 (4NCL)"]
[Site "West Bromwich"]
[Date "2003.11.23"]
[Round "2.1"]
[White "Kett, Timothy"]
[Black "Pye, David E"]
[Result "0-1"]
[WhiteElo "2145"]
[BlackElo "2132"]
[PlyCount "74"]
[EventDate "2003.11.23"]
[EventType "team-tourn"]
[EventRounds "11"]
[EventCountry "ENG"]
[SourceTitle "EXT 2005"]
[Source "ChessBase"]
[SourceDate "2004.11.15"]
[SourceVersion "1"]
[SourceVersionDate "2004.11.15"]
[SourceQuality "1"]
[WhiteTeam "SW Dragons II"]
[BlackTeam "Wessex II"]
[WhiteTeamCountry "ENG"]
[BlackTeamCountry "ENG"]

1. e4 e6 2. d4 d5 3. Nc3 Nc6 4. Nf3 Nf6 5. Bg5 Be7 6. Bxf6 Bxf6 7. e5 Be7 8. a3 Nb8 9. Ne2 b6 10. g3 c5 11. c3 c4 12. h4 Nc6 13. Nf4 Bd7 14. Nd2 Qc7 15. Qg4 g6 16. h5 0-0-0 17. Bh3 g5 18. Ne2 f5 19. exf6 Bxf6 20. Qf3 Rhf8 21. Qg2 e5 22. Bxd7+ Rxd7 23. dxe5 Nxe5 24. 0-0 Nd3 25. b3 Kb8 26. bxc4 dxc4 27. Ne4 Rdf7 28. a4 a6 29. f4 Be7 30. fxg5 Bxg5 31. Rxf7 Be3+ 32. Kh1 Qxf7 33. g4 Qe7 34. Qh2+ Ka7 35. N2g3 Nf2+ 36. Nxf2 Rxf2 37. Qh3 Qb7+ 0-1

[Event "BCF-chT3 0203 (4NCL)"]
[Site "West Bromwich"]
[Date "2003.05.25"]
[Round "10.6"]
[White "Pye, David E"]
[Black "English, Ray"]
[Result "1/2-1/2"]
[WhiteElo "2080"]
[BlackElo "2016"]
[PlyCount "100"]
[EventDate "2002.11.??"]
[EventType "team-tourn"]
[EventRounds "11"]
[EventCountry "ENG"]
[SourceTitle "EXT 2004"]
[Source "ChessBase"]
[SourceDate "2003.11.25"]
[SourceVersion "1"]
[SourceVersionDate "2003.11.25"]
[SourceQuality "1"]
[WhiteTeam "Wessex II"]
[BlackTeam "Numerica 3CS II"]
[WhiteTeamCountry "ENG"]
[BlackTeamCountry "ENG"]

1. e4 Nf6 2. e5 Nd5 3. Nc3 e6 4. Nxd5 exd5 5. d4 d6 6. Nf3 Bg4 7. Be2 Be7 8. 0-0 c6 9. Bf4 0-0 10. Re1 dxe5 11. Nxe5 Bxe2 12. Qxe2 Bf6 13. Qg4 Qc8 14. Qxc8 Rxc8 15. Re3 h5 16. h4 Rd8 17. Rb3 b6 18. Re1 Re8 19. Rbe3 Re6 20. g3 Na6 21. Nd7 Rae8 22. Nxf6+ gxf6 23. c3 Kg7 24. Kg2 Kg6 25. Kf3 Kf5 26. Ke2 Nb8 27. Bxb8 Rxb8 28. Kd3 Rbe8 29. Rf3+ Kg6 30. Ree3 R8e7 31. b3 b5 32. a3 a6 33. c4 bxc4+ 34. bxc4 Rb7 35. cxd5 cxd5 36. Kc2 Rc7+ 37. Rc3 Re2+ 38. Kd3 Rxc3+ 39. Kxc3 f5 40. Kb4 Rc2 41. Ka5 Rc6 42. a4 Rc4 43. Ra3 Rxd4 44. Kxa6 Rb4 45. Ka5 Rb2 46. f4 Kf6 47. Re3 Rb8 48. Re5 Ra8+ 49. Kb4 Rb8+ 50. Kc3 Ra8 1/2-1/2